000
00220nam a2200121Ia 4500
100
_a
#N/A
650
_a
General
942
_c
BK
654
_a
test
245
_a
Test your Aptitude
260
_b
#N/A
546
_a
ENGLISH
999
_c
18129
_d
18129